| 000 | 00000nam##2200000za#4500 |
| 001 | 9.688043 |
| 003 | CaOODSP |
| 005 | 20210624231239 |
| 007 | cr ||||||||||| |
| 008 | 150407|2003||||xxc|||||o f|0| 0 eng|d |
| 040 | |aCaOODSP|beng |
| 043 | |an-cn--- |
| 086 | 1 |aYM41-4/2003E-PDF |
| 245 | 00|aGlobalization and governance : |h[electronic resource]|bcontemplating the global village / |cprepared under the direction of Raynell Andreychuck and Marlene Jennings, with Donald Lenihan and William Young. |
| 260 | |aOttawa - Ontario : |bLibrary of Parliament |c2003. |
| 300 | |a34p. |
| 500 | |a"A report prepared by the Library of Parliament". |
| 590 | |a13-12-Supp|b2013-05-10 |
| 690 | 07|aHouse of Commons|2gcpds |
| 690 | 07|aMembers of the House of Commons|2gcpds |
| 710 | 1 |aCanada. |bLibrary of Parliament. |
| 775 | 08|tMondialisation et gouvernance : |w(CaOODSP)9.632484 |
| 856 | 40|ahttp://publications.gc.ca|qPDF|s631 KB|uhttps://publications.gc.ca/collections/Collection/YM41-4-2003E.pdf |